Štatistická správa o základných vývojových tendenciách v hospodárstve SR v roku 1998

Guardado en:
Detalles Bibliográficos
Formato: Libro
Lenguaje:eslovaco
Publicado: Bratislava Štatistický úrad Slovenskej republiky 1999
Materias:
Etiquetas: Agregar Etiqueta
Sin Etiquetas, Sea el primero en etiquetar este registro!

MARC

LEADER 00000nam a2200000 4500
001 c108387
005 20260211070053.3
041 0 |a slo 
044 |a SK 
245 1 0 |a Štatistická správa o základných vývojových tendenciách v hospodárstve SR v roku 1998 
264 1 |a Bratislava  |b Štatistický úrad Slovenskej republiky  |c 1999 
300 |a 23 s. 
610 2 0 |a Slovensko 
610 2 0 |a hospodárstvo národné 
610 2 0 |a vývoj hospodársky